000 00252nam a22001097a 4500
008 260424b |||||||| |||| 00| 0 eng d
082 _a001060
245 _aNarayanachar, K S
260 _aHubli
_bSahitya Prakashana
_c2017
300 _a536p
942 _2ddc
999 _c1300
_d1300